[Event "Challenge"]
[Site "http://www.queenalice.com/game.php?id=148375"]
[Date "2006.12.31"]
[Round "-"]
[White "angelita"]
[Black "mtjab"]
[Result "0-1"]
[WhiteElo "1151"]
[BlackElo "2049"]

1. e4 c5 2. Bc4 Nc6 3. Qf3 Ne5 4. Qe2 Nxc4 5. Qxc4 e6 6. Nc3 Nf6 7. e5 d5 8.
Qb5+ Nd7 9. Nge2 a6 10. Qa4 b5 11. Nxb5 Be7 12. Nd6+ Bxd6 13. exd6 Qb6 14. O-O
Qxd6 15. d3 O-O 16. Bf4 e5 17. Bg3 Bb7 18. d4 cxd4 19. Qb3 Rab8 20. f4 f6 21. c4
dxc3 22. bxc3 Ba8 23. fxe5 fxe5 24. Qa4 Rxf1+ 25. Kxf1 Nc5 26. Qg4 Rf8+ 27. Ke1
Ne4 28. Bh4 Qh6 29. g3 Qd2# 0-1

[Event "AUTO-MASTER-245"]
[Site "http://www.queenalice.com/game.php?id=148575"]
[Date "2006.12.31"]
[Round "1"]
[White "Miguelname"]
[Black "mtjab"]
[Result "1-0"]
[WhiteElo "2014"]
[BlackElo "2046"]

1. e4 e6 2. d4 d5 3. Nc3 Nf6 4. Bg5 dxe4 5. Nxe4 Be7 6. Bxf6 gxf6 7. Nf3 a6 8.
g3 b5 9. Bg2 Bb7 10. Qe2 O-O 11. O-O-O Qd5 12. Nc3 Qd7 13. Ne5 Qc8 14. Bxb7 Qxb7
15. Ng4 Nd7 16. Nh6+ Kg7 17. Qh5 b4 18. Nd5 Qxd5 19. Qxd5 1-0

[Event "AUTO-MASTER-245"]
[Site "http://www.queenalice.com/game.php?id=148576"]
[Date "2006.12.31"]
[Round "1"]
[White "mtjab"]
[Black "Miguelname"]
[Result "0-1"]
[WhiteElo "2029"]
[BlackElo "2031"]

1. d4 Nf6 2. Bg5 d5 3. Bxf6 gxf6 4. e3 c5 5. Bb5+ Nc6 6. Nc3 Rg8 7. Qf3 a6 8.
Bxc6+ bxc6 9. h3 e5 10. O-O-O Rg6 11. Nge2 Rb8 12. Na4 Qa5 13. b3 cxd4 14. exd4
Ba3+ 15. Nb2 Bd6 16. Kb1 Be6 17. Rhe1 e4 18. Qe3 Rxg2 19. Rg1 Rxg1 0-1

[Event "AUTO-MASTER-245"]
[Site "http://www.queenalice.com/game.php?id=148591"]
[Date "2006.12.31"]
[Round "1"]
[White "ENDHER"]
[Black "mtjab"]
[Result "1-0"]
[WhiteElo "2215"]
[BlackElo "2016"]

1. d4 d5 2. c4 c6 3. Nc3 Nf6 4. cxd5 cxd5 5. Bf4 Nc6 6. e3 a6 7. Bd3 Bg4 8. Nge2
e6 9. O-O Bd6 10. f3 Bh5 11. Na4 Bg6 12. Nc5 Bxf4 13. Nxf4 Bxd3 14. Nfxd3 Qc7
15. Rc1 O-O 16. Rc3 Rfc8 17. Qc2 b6 18. Rc1 bxc5 19. Rxc5 Qd8 20. Rxc6 Rxc6 21.
Qxc6 Ne8 22. b3 a5 23. Ne5 Nd6 24. Rc5 a4 25. b4 a3 26. b5 Ra7 27. b6 Rb7 28.
Rb5 f6 29. Rb1 fxe5 30. dxe5 Qc8 31. Qxd6 Kf7 32. Qxa3 1-0

[Event "AUTO-MASTER-245"]
[Site "http://www.queenalice.com/game.php?id=148592"]
[Date "2006.12.31"]
[Round "1"]
[White "mtjab"]
[Black "ENDHER"]
[Result "1/2-1/2"]
[WhiteElo "1999"]
[BlackElo "2215"]

1. e4 e5 2. Nf3 Nc6 3. Bc4 Bc5 4. b4 Bxb4 5. c3 Ba5 6. d4 exd4 7. O-O dxc3 8.
Qb3 Qf6 9. e5 Qg6 10. Nxc3 Nge7 11. Ba3 O-O 12. Rad1 Re8 13. Bd3 Qh5 14. Ne4
Nxe5 15. Nxe5 Qxe5 16. Bb2 Qe6 17. Qa4 Nc6 18. Ng5 Qh6 19. Bxh7+ Kf8 20. Qf4 Re7
21. Bf5 d6 22. Bxc8 Rxc8 23. Rd3 Qg6 24. Qh4 Ke8 25. Rg3 Bb6 26. Bxg7 Re2 27.
Qh8+ Ke7 28. Qxc8 Rxf2 29. Bf8+ Kf6 30. Rxf2+ Bxf2+ 31. Kxf2 Qc2+ 32. Kf3
1/2-1/2

[Event "AUTO-MASTER-245"]
[Site "http://www.queenalice.com/game.php?id=148603"]
[Date "2006.12.31"]
[Round "1"]
[White "mtjab"]
[Black "Msid"]
[Result "1-0"]
[WhiteElo "2061"]
[BlackElo "1898"]

1. e4 e6 2. d4 d5 3. Nc3 Bb4 4. exd5 Qxd5 5. Nf3 c5 6. Bd2 Bxc3 7. Bxc3 cxd4 8.
Bxd4 Nf6 9. Bxf6 Qxd1+ 10. Rxd1 gxf6 11. Nd4 a6 12. Be2 e5 13. Nb3 Rg8 14. g3
Nc6 15. Bf3 Nb4 16. c3 Nxa2 17. Ra1 Be6 18. Bd1 Nxc3 19. bxc3 Rc8 20. Rc1 Bh3
21. Bf3 b6 22. Ke2 Be6 23. Nd2 a5 24. Ne4 Ke7 25. Rhd1 Rc7 26. Ke3 Rgc8 27. Nd6
Rxc3+ 28. Rxc3 Rxc3+ 29. Ke2 b5 30. Be4 b4 31. Nf5+ Bxf5 32. Bxf5 a4 33. Rd7+
Ke8 34. Rb7 Rc4 35. Bd7+ Kf8 36. Bxa4 h5 37. Bb3 Rd4 38. Rxf7+ Ke8 39. Rxf6 Kd7
40. Rf5 h4 41. Rxe5 1-0

[Event "AUTO-MASTER-245"]
[Site "http://www.queenalice.com/game.php?id=148604"]
[Date "2006.12.31"]
[Round "1"]
[White "Msid"]
[Black "mtjab"]
[Result "0-1"]
[WhiteElo "1898"]
[BlackElo "2050"]

1. e4 c6 2. d4 d5 3. Nc3 dxe4 4. Nxe4 Bf5 5. Ng3 Bg6 6. Nf3 e6 7. c3 Bd6 8. Qb3
Qc7 9. Nh4 Nf6 10. Nxg6 hxg6 11. c4 Nbd7 12. c5 Bxg3 13. fxg3 Nd5 14. Bc4 N7f6
15. Bd2 O-O-O 16. O-O-O Ne4 17. Bxd5 Rxd5 18. Bf4 Qa5 19. Qf3 f5 20. Kb1 Rhd8
21. Qe3 Nxc5 22. Bg5 R8d7 23. g4 Ne4 24. Bf4 Qb4 25. Be5 Rb5 26. Qc1 Nc3+ 27.
Ka1 Nxd1 28. Rxd1 a5 29. gxf5 gxf5 30. a3 Qb3 31. Rd2 g5 32. Qd1 Qxd1+ 33. Rxd1
Rxe5 0-1

[Event "AUTO-MASTER-250"]
[Site "http://www.queenalice.com/game.php?id=151742"]
[Date "2007.1.9"]
[Round "1"]
[White "mtjab"]
[Black "Bruscato"]
[Result "0-1"]
[WhiteElo "2100"]
[BlackElo "2098"]

1. e4 c5 2. Nf3 d6 3. d4 cxd4 4. Nxd4 Nf6 5. Nc3 a6 6. Be2 e5 7. Nb3 Be7 8. Be3
O-O 9. Qd2 Be6 10. O-O Nbd7 11. a4 Nc5 12. Nxc5 dxc5 13. Qxd8 Rfxd8 14. Rfd1 h6
15. f3 Kh7 16. b3 Rac8 17. Bc4 Bxc4 18. bxc4 Rxd1+ 19. Rxd1 Bd8 20. Nd5 Ne8 21.
f4 Nd6 22. Nf6+ Bxf6 23. Rxd6 exf4 24. Bxf4 Re8 25. e5 Bxe5 26. Bxe5 Rxe5 27.
Rd5 f6 28. Kf2 Kg6 29. Kf3 Rxd5 30. cxd5 b5 31. axb5 axb5 32. Ke4 Kf7 33. h4 g6
0-1

[Event "AUTO-MASTER-250"]
[Site "http://www.queenalice.com/game.php?id=151743"]
[Date "2007.1.9"]
[Round "1"]
[White "Bruscato"]
[Black "mtjab"]
[Result "1-0"]
[WhiteElo "2041"]
[BlackElo "2100"]

1. e4 c6 2. d4 d5 3. e5 Bf5 4. g4 Bg6 5. h4 h6 6. h5 Be4 7. f3 Bh7 8. e6 fxe6 9.
Bd3 Nf6 10. Bxh7 Nxh7 11. Qd3 Nf6 12. Ne2 Kd7 13. Nf4 Qb6 14. Nc3 c5 15. dxc5
Qxc5 16. Be3 Qc6 17. O-O-O Na6 18. Ng6 Rg8 19. Ne5+ 1-0

[Event "AUTO-MASTER-250"]
[Site "http://www.queenalice.com/game.php?id=151744"]
[Date "2007.1.9"]
[Round "1"]
[White "mtjab"]
[Black "CampbellMarcel"]
[Result "1-0"]
[WhiteElo "2036"]
[BlackElo "1939"]

1. d4 f5 2. e4 fxe4 3. Nc3 Nf6 4. Bg5 h6 5. Bxf6 exf6 6. Qh5+ Ke7 7. Nd5+ Kd6 8.
c4 c5 9. dxc5+ Ke6 10. Nf4+ Ke7 11. Ng6+ Ke6 12. Qd5# 1-0

[Event "AUTO-MASTER-250"]
[Site "http://www.queenalice.com/game.php?id=151745"]
[Date "2007.1.9"]
[Round "1"]
[White "CampbellMarcel"]
[Black "mtjab"]
[Result "0-1"]
[WhiteElo "400"]
[BlackElo "2095"]

1. e4 e5 2. Nf3 Nc6 3. Be2 Nf6 4. Nc3 Bc5 5. O-O d5 6. exd5 Nxd5 7. Nxd5 Qxd5 8.
c4 Qd6 9. d3 O-O 10. a3 f5 11. b4 Bd4 12. c5 Qd5 13. Nxd4 Nxd4 14. Bf3 Nxf3+ 15.
Qxf3 Qxf3 16. gxf3 Rd8 17. Bb2 Rxd3 18. Bxe5 c6 19. f4 Be6 0-1

[Event "AUTO-MASTER-250"]
[Site "http://www.queenalice.com/game.php?id=151746"]
[Date "2007.1.9"]
[Round "1"]
[White "mtjab"]
[Black "CCapivara"]
[Result "1-0"]
[WhiteElo "2081"]
[BlackElo "1988"]

1. d4 d6 2. e4 Nf6 3. Nc3 c6 4. Be3 Nbd7 5. h3 e5 6. Nf3 Be7 7. Qd2 a5 8. g4 a4
9. g5 Nh5 10. a3 f6 11. Be2 Nf4 12. Bxf4 exf4 13. gxf6 Nxf6 14. O-O-O b5 15. e5
Nh5 16. Ne1 f3 17. Nxf3 O-O 18. Kb1 Nf4 19. d5 b4 20. axb4 a3 21. dxc6 axb2 22.
exd6 Bf6 23. Bc4+ Kh8 24. Na2 Be6 25. Qxf4 Rxa2 26. Kxa2 Bc3 27. Qe4 Bf5 28. Qe7
Qa8+ 29. Kb3 Rb8 30. Kxc3 Qa3+ 31. Kd4 Qxf3 32. c7 Qxf2+ 33. Ke5 Qc5+ 34. Rd5
Qe3+ 35. Kxf5 Qf3+ 36. Ke6 Qe4+ 37. Kd7 1-0

[Event "AUTO-MASTER-250"]
[Site "http://www.queenalice.com/game.php?id=151747"]
[Date "2007.1.9"]
[Round "1"]
[White "CCapivara"]
[Black "mtjab"]
[Result "0-1"]
[WhiteElo "1987"]
[BlackElo "2075"]

1. e4 c6 2. d4 d5 3. exd5 cxd5 4. Nf3 Nc6 5. Bd3 Bg4 6. c3 Bxf3 7. Qxf3 e6 8.
O-O Nf6 9. Bg5 Be7 10. Nd2 O-O 11. Rfe1 Re8 12. Nf1 h6 13. Be3 Rb8 14. Qg3 Kh8
15. Qh3 Kg8 16. Ng3 Bd6 17. f4 b5 18. f5 e5 19. dxe5 Nxe5 20. Bc2 Nc4 21. Bd4
Be5 22. Bxa7 Ra8 23. Bd4 Bxd4+ 24. cxd4 Rxa2 25. Rxe8+ Qxe8 26. Rxa2 Qe3+ 27.
Kf1 Nd2# 0-1

[Event "Challenge"]
[Site "http://www.queenalice.com/game.php?id=167249"]
[Date "2007.2.11"]
[Round "-"]
[White "GoodKnight"]
[Black "mtjab"]
[Result "1-0"]
[WhiteElo "2192"]
[BlackElo "2013"]

1. e4 e6 2. d4 d5 3. Nd2 Nf6 4. e5 Nfd7 5. Bd3 c5 6. c3 Nc6 7. Ne2 Be7 8. O-O
O-O 9. Nf3 cxd4 10. cxd4 f6 11. Qc2 g6 12. Bxg6 f5 13. Bh5 Kh8 14. Bh6 Nb6 15.
Bxf8 1-0

[Event "Challenge"]
[Site "http://www.queenalice.com/game.php?id=167660"]
[Date "2007.2.12"]
[Round "-"]
[White "mtjab"]
[Black "Germano"]
[Result "0-1"]
[WhiteElo "2086"]
[BlackElo "2224"]

1. d4 e6 2. e4 d5 3. Nc3 dxe4 4. Nxe4 Nd7 5. Nf3 Ngf6 6. Ng3 c5 7. c3 Be7 8. Bd3
cxd4 9. cxd4 h5 10. Ne4 Nxe4 11. Bxe4 Nf6 12. Bd3 Bd7 13. Ne5 Qa5+ 14. Bd2 Qd5
15. Nxd7 Nxd7 16. O-O Bf6 17. Bc3 O-O-O 18. Qa4 Kb8 19. Rfd1 Nb6 20. Qb4 h4 21.
Re1 Bxd4 22. Be4 Qc4 23. Qa5 Bxc3 24. bxc3 h3 25. Rab1 Nd5 26. Rb3 b6 27. Reb1
Qxe4 28. c4 Qxg2# 0-1